000 00349nam a2200145Ia 4500
005 20251020182559.0
008 200515s9999 xx 000 0 und d
082 _aSC/331.14(85)/H41/V.1
100 _aHEROS PEREZ ALBELA, Alfonso de
245 0 _aManual Laboral
260 _aLima
260 _cs.a.
650 _aLEGISLACION LABORAL
942 _cLIB
999 _c2987
_d2987